000 01402nam a2200289 4500
003 EC-UNACH
005 20250929130201.0
006 s||||gr|||| 00| 00
008 150116t9999 mx r gr 000 0 spa d
020 _a978-1-4572-2742-4
040 _aEC-UNACH
_cEC-UNACH
041 _aspa
082 0 4 _223
_a929
_bL018278
100 _aL. RONALD HUBBARD
245 _aHorticultor por un mundo más verde
250 _aPrimera Edición
264 _aEstados Unidos
_bBRIDGE PUBLICATIONS
_c2012
300 _a165 páginas
505 _a"Crónica de la extraordinaria vida y la inmensa magnitud de los viajes de L. Ronald Hubbard. Detallando los logros del Sr. Hubbard junto con un sinnúmero de lugares que visitó; y todo contado a través de una multitud de documentos de archivo e imágenes nunca antes vistas. Conoce a L. Ronald Hubbard —la vida, el legado, el hombre— con los relatos más profundos, exhaustivos y personales de su extraordinaria vida que se hayan recopilado nunca. 1. Horticultor. 2. Una introducción a L. Ronald Hubbard. 3. Antecedentes experimentales. 4. Experimentación avanzada. 5. Implicaciones culturales."
650 _aFILÁNTROPO - BIOGRAFÍA
650 _aFILÓSOFO - ARTISTA
650 _aVIDA - LOGROS
942 _2ddc
_c1
999 _c13929